| 000 | 00650nam a2200193Ia 4500 | ||
|---|---|---|---|
| 008 | 151121s9999||||xx |||||||||||||| ||und|| | ||
| 082 | _a323/ठाकूर | ||
| 082 | _bHNW-41280 | ||
| 100 | _aवाळिंबे वि। स। | ||
| 245 | _aहे नेते जनता चे | ||
| 260 | _b"उत्कर्ष प्रकाशन, पुणे।" | ||
| 260 | _c-- | ||
| 300 | _a218 | ||
| 600 | _aवाळिंबे वि। स। | ||
| 630 | _aहे नेते जनता चे | ||
| 700 | _aवाळिंबे वि। स। | ||
| 730 | _aहे नेते जनता चे | ||
| 942 | _cBOOK | ||
| 999 |
_c1230372 _d1230369 |
||